000 00719 a2200301 4500
001 113409
020 _a0329308424
020 _a0516225723
020 _a0516269518
020 _a1404667865
041 _apor
090 _aP SK 613 GOR
092 _a2002005483
100 _aGordon, Sharon.
250 _a. ed.
300 _a31 p.
490 _aRookie read-about health
697 _aHealth.
697 _aHygiene
697 _aCleanliness.
697 _aReaders (Elementary)
830 _aRookie read-about health
856 _u000023/000023ae.jpg
040 _aBR-BrIDEA
_cBR-BrIDEA
245 1 0 _aKeeping clean
_c Sharon Gordon
260 _aNew York
_bChildren's Press
_c2002
942 _cBK
999 _c113409
_d113409